Los días fértiles e infértiles de la mujer / (Record no. 87181)

MARC details
000 -LEADER
campo de control de longitud fija 00635nam a2200205 i 4500
001 - NÚMERO DE CONTROL
campo de control 87181
003 - IDENTIFICADOR DE NÚMERO DE CONTROL
campo de control ES-MaACL
005 - FECHA Y HORA DE LA ÚLTIMA TRANSACCIÓN
campo de control 20230906175619.0
007 - CAMPO FIJO DE DESCRIPCIÓN FÍSICA--INFORMACIÓN GENERAL
campo de control de longitud fija t|
008 - DATOS DE LONGITUD FIJA--INFORMACIÓN GENERAL
campo de control de longitud fija 041220s1961 sp ||||1| spa d
080 ## - NÚMERO DE LA CLASIFICACIÓN DECIMAL UNIVERSAL
Número de la Clasificación Decimal Universal 613.884
100 1# - ENTRADA PRINCIPAL--NOMBRE DE PERSONA
Nombre de persona Knaus, Hermann.
9 (RLIN) 68324
245 14 - MENCIÓN DEL TÍTULO
Título Los días fértiles e infértiles de la mujer /
Mención de responsabilidad, etc. por Hermann Knaus ; traducción del alemán por J.M. Dexeus Trías de Bes.
250 ## - MENCION DE EDICION
Mención de edición 3ª ed.
260 ## - PUBLICACIÓN, DISTRIBUCIÓN, ETC.
Lugar de publicación, distribución, etc. Barcelona :
Nombre del editor, distribuidor, etc. Juventud,
Fecha de publicación, distribución, etc. 1961.
300 ## - DESCRIPCIÓN FÍSICA
Extensión 80 p. :
Otras características físicas il. ;
Dimensiones 21 cm.
650 #4 - PUNTO DE ACCESO ADICIONAL DE MATERIA--TÉRMINO DE MATERIA
Término de materia o nombre geográfico como elemento de entrada Método Ogino.
9 (RLIN) 170794
700 1# - ENTRADA AGREGADA--NOMBRE PERSONAL
Nombre de persona Dexeus, José María (
Fechas asociadas al nombre 1924-)
9 (RLIN) 44050
852 4# - LOCALIZACIÓN
Ubicación ES-MaACL
Número de control de estantería C-21002
Holdings
Estatus retirado Estado de pérdida Estado de daño No para préstamo Biblioteca de origen Biblioteca actual Ubicación en estantería Fecha de adquisición Fuente de adquisición Total de préstamos Signatura topográfica completa Código de barras Visto por última vez Precio de reemplazo Tipo de ítem Koha
        Biblioteca del Ateneo de Madrid Biblioteca del Ateneo de Madrid Galería 17/01/2008     C-21002 1091087 23/02/2023 23/02/2023 Libro impreso